Dwarf Planets Quiz - Statistics

General Stats
  • This quiz has been taken 71 times
  • The average score is 4 of 5
Answer Stats
Answer % Correct
Pluto
98%
Ceres
90%
Eris
86%
Makemake
84%
Haumea
68%
No matching quizzes found
Score Distribution
Percent of People with Each Score
Percentile by Number Answered
Your Score History
You have not taken this quiz